000 00330nam a22001337a 4500
008 181016b xxu||||| |||| 00| 0 eng d
020 _a9780801899065
041 _aeng
080 _23rd
_a320
100 _a21
101 _aEKO
245 _aAmerican Higher Education in the Twenty-First Century
_cAltbach,P.G
942 _2udc
_cBK
999 _c49841
_d49841